El régimen municipal en las Islas Filipinas (Record no. 161538)

MARC details
000 -LEADER
campo de control de longitud fija 00920nam a2200205 i 4500
001 - NÚMERO DE CONTROL
campo de control 161538
003 - IDENTIFICADOR DE NÚMERO DE CONTROL
campo de control ES-MaACL
005 - FECHA Y HORA DE LA ÚLTIMA TRANSACCIÓN
campo de control 20230906212316.0
008 - DATOS DE LONGITUD FIJA--INFORMACIÓN GENERAL
campo de control de longitud fija 981218s1893 sp l |||| | spa d
080 ## - NÚMERO DE LA CLASIFICACIÓN DECIMAL UNIVERSAL
Número de la Clasificación Decimal Universal 352(599)"1893"(094.5)
110 1# - ENTRADA PRINCIPAL--NOMBRE DE ENTIDAD CORPORATIVA
Nombre de entidad corporativa o nombre de jurisdicción como elemento de entrada España.
Unidad subordinada Ministerio de Ultramar.
9 (RLIN) 3937
245 13 - MENCIÓN DEL TÍTULO
Título El régimen municipal en las Islas Filipinas
Resto del título : Real Decreto de 19 de mayo de 1893 con notas y concordancias /
Mención de responsabilidad, etc. por Pedro Alejandro Paterno.
260 ## - PUBLICACIÓN, DISTRIBUCIÓN, ETC.
Lugar de publicación, distribución, etc. Madrid :
Nombre del editor, distribuidor, etc. [s.n.],
Fecha de publicación, distribución, etc. 1893 (
Fabricante Estab. Tip. de los Sucesores de Cuesta)
300 ## - DESCRIPCIÓN FÍSICA
Extensión 280 p. ;
Dimensiones 18 cm.
530 ## - NOTA DISPONIBLE DE FORMULARIO FÍSICO ADICIONAL
Nota de formato físico adicional disponible Disponible en formato digital.
650 #4 - PUNTO DE ACCESO ADICIONAL DE MATERIA--TÉRMINO DE MATERIA
Término de materia o nombre geográfico como elemento de entrada Administración municipal-
Subdivisión geográfica Filipinas.
9 (RLIN) 155476
700 1# - ENTRADA AGREGADA--NOMBRE PERSONAL
Nombre de persona Paterno, Pedro Alejandro.
9 (RLIN) 130894
852 ## - LOCALIZACIÓN
Ubicación ES-MaACL
Número de control de estantería F-12788
Nota libre - Enc. hol.
-- . - Dedicatoria autógrafa del autor
856 ## - LOCALIZACIÓN Y ACCESO ELECTRÓNICOS
Identificador Uniforme de Recursos <a href="https://bvpb.mcu.es/es/consulta/registro.do?id=576504 ">https://bvpb.mcu.es/es/consulta/registro.do?id=576504 </a>
Nota pública Biblioteca Virtual del Patrimonio Bibliográfico
Holdings
Estatus retirado Estado de pérdida Estado de daño No para préstamo Colección Biblioteca de origen Biblioteca actual Ubicación en estantería Fecha de adquisición Fuente de adquisición Total de préstamos Signatura topográfica completa Código de barras Visto por última vez Precio de reemplazo Tipo de ítem Koha
        Colección digital Biblioteca del Ateneo de Madrid Biblioteca del Ateneo de Madrid Sala Pecera Planta 2 17/01/2008     F-12788 1169208 23/02/2023 23/02/2023 Libro impreso antiguo